[Event "110th US Open"]
[Site "Indianapolis USA"]
[Date "2009.08.04"]
[Round "4"]
[White "Wright,W"]
[Black "Patchell,E"]
[Result "1/2-1/2"]
[WhiteElo "2188"]
[BlackElo "2169"]

1.d4 Nf6 2.c4 g6 3.Nc3 Bg7 4.e4 d6 5.Nf3 O-O 6.Be2 e5 7.d5 a5 8.Bg5 h6 9.Bh4 Na6
10.Nd2 Qe8 11.O-O Nh7 12.a3 Bd7 13.b3 h5 14.f3 Bh6 15.Bf2 Qe7 16.Kh1 h4 17.Rg1 h3
18.g4 Kh8 19.Bf1 f5 20.Bxh3 Ng5 21.Qf1 Qh7 22.Be1 Nxh3 23.Qxh3 fxg4 24.fxg4 Nc5
25.Rb1 Bxd2 26.Qxh7+ Kxh7 27.Bxd2 Rf2 28.Rg2 Raf8 29.b4 axb4 30.axb4 Nd3
31.Be3 R2f3 32.Bg1 Nxb4 33.Rxb4 Rxc3 34.c5 Bc8 35.cxd6 cxd6 36.Rf2 Rxf2  1/2-1/2

[Event "Open"]
[Site "Ptuj SLO"]
[Date "2009.08.04"]
[Round "3"]
[White "Loncar,R"]
[Black "Bohak,J"]
[Result "1-0"]
[WhiteElo "2429"]
[BlackElo "2127"]

1.d4 Nf6 2.c4 g6 3.Nc3 Bg7 4.e4 d6 5.Nf3 O-O 6.Be2 e5 7.Be3 Ng4 8.Bg5 f6
9.Bc1 Nh6 10.Be3 Nc6 11.d5 Ne7 12.Nd2 f5 13.f3 Nf7 14.Qc2 Bh6 15.Bf2 c5 16.a3 a6
17.b4 b6 18.Rb1 Bd7 19.Rb2 Nc8 20.O-O Bxd2 21.Qxd2 f4 22.bxc5 bxc5 23.Rb7 g5
24.g4 h5 25.h3 Nh6 26.Rfb1 hxg4 27.hxg4 Ra7 28.Rxa7 Nxa7 29.Kg2 Nc8 30.Rb7 Rf7
31.Be1 Rh7 32.Nd1 Nxg4 33.fxg4 Qf6 34.Qa5 Bxg4 35.Bxg4 Rxb7 36.Qxa6 f3+ 37.Kf1 Rb8
38.Bxc8 Qh6 39.Nf2 g4 40.Be6+ Kh8 41.Qxd6  1-0

[Event "GMA"]
[Site "Peterhof RUS"]
[Date "2009.08.05"]
[Round "5"]
[White "Morozov,G"]
[Black "Khruschiov,A"]
[Result "1-0"]
[WhiteElo "2301"]
[BlackElo "2408"]

1.d4 Nf6 2.c4 g6 3.Nc3 Bg7 4.e4 O-O 5.Nf3 d6 6.Be2 Nbd7 7.O-O e5 8.d5 Nc5
9.Qc2 a5 10.Be3 Ng4 11.Bxc5 dxc5 12.Ne1 b6 13.Bxg4 Bxg4 14.f3 Bd7 15.Nd3 f5
16.f4 exf4 17.e5 g5 18.Rae1 Qe7 19.Kh1 Rae8 20.e6 Bc8 21.Ne5 Bxe5 22.Rxe5 Qf6
23.Rfe1 Re7 24.Qd3 Kg7 25.Nb5 Kg6 26.Nxc7 Rxc7 27.d6 Re7 28.dxe7 Qxe7 29.Rd1 g4
30.Qd6 Re8 31.Qxe7 Rxe7 32.Rd6 f3 33.gxf3 Bb7 34.Kg1 Bxf3 35.Rxb6 h5 36.Rxc5 h4
37.Kf2 f4 38.h3 gxh3  1-0

[Event "University of Twente YM"]
[Site "Enschede NED"]
[Date "2009.08.06"]
[Round "7"]
[White "Rademakers,E"]
[Black "Kleijn,C"]
[Result "1/2-1/2"]
[WhiteElo "2154"]
[BlackElo "2377"]

1.d4 Nf6 2.c4 g6 3.Nc3 Bg7 4.e4 d6 5.Nf3 O-O 6.Be2 e5 7.O-O c6 8.Re1 Nbd7
9.Bf1 exd4 10.Nxd4 Re8 11.Bf4 Nc5 12.Qc2 Nh5 13.Be3 Qe7 14.f3 Be5 15.Rad1 Bd7
16.g3 a6 17.Bf2 Bg7 18.b4 Ne6 19.Nf5  1/2-1/2

[Event "110th US Open"]
[Site "Indianapolis USA"]
[Date "2009.08.06"]
[Round "6"]
[White "Wasiluk,K"]
[Black "Shabalov,A"]
[Result "0-1"]
[WhiteElo "2220"]
[BlackElo "2580"]

1.d4 Nf6 2.Nf3 g6 3.c4 Bg7 4.Nc3 O-O 5.e4 d6 6.Be2 Nbd7 7.O-O e5 8.Be3 c6
9.d5 c5 10.Ne1 Ne8 11.g4 f5 12.gxf5 gxf5 13.exf5 Ndf6 14.Qc2 Kh8 15.Kh1 Ng8
16.Bd3 Nh6 17.Rg1 Nxf5 18.Bg5 Qd7 19.Nf3 Qf7 20.Be4 h6 21.Bh4 Qh5 22.Bg3 Nf6
23.Rg2 Nd4 24.Nxd4 cxd4 25.Bg6 Qf3 26.Nb5 Bh3 27.Rg1 Rfd8 28.Nc7 Rac8 29.Ne6 Rd7
30.Bh4 Nxd5 31.Be4 Bxg2+ 32.Rxg2 d3 33.Qxd3 Qxd3 34.Bxd3 e4 35.Be2 Bf6 36.Bxf6+ Nxf6
37.Rg6 Ng8 38.Nf4 Rf7 39.Rg4 Nf6 40.Rg6 Kh7  0-1

[Event "110th US Open"]
[Site "Indianapolis USA"]
[Date "2009.08.07"]
[Round "7"]
[White "O'Donnell,R"]
[Black "Bereolos,P"]
[Result "1-0"]
[WhiteElo "2054"]
[BlackElo "2328"]

1.d4 Nf6 2.c4 g6 3.Nc3 Bg7 4.e4 d6 5.Nf3 O-O 6.Be2 e5 7.O-O Na6 8.Be3 Ng4
9.Bg5 Qe8 10.dxe5 Nxe5 11.Nxe5 Qxe5 12.Qd2 Re8 13.Rad1 Be6 14.Bf4 Qa5 15.a3 Be5
16.Be3 Bd7 17.Qc1 Bg7 18.Rd5 c5 19.Rxd6 Bc6 20.Bf3 Bxc3 21.bxc3 Bxe4 22.Bh6 Bxf3
23.gxf3 Rad8 24.Rfd1 Rxd6 25.Rxd6 Qc7 26.Qf4 Re6 27.Rxe6  1-0

[Event "GMA"]
[Site "Peterhof RUS"]
[Date "2009.08.08"]
[Round "9"]
[White "Terekhov,A"]
[Black "Khruschiov,A"]
[Result "1-0"]
[WhiteElo "2301"]
[BlackElo "2408"]

1.d4 Nf6 2.c4 g6 3.Nc3 Bg7 4.e4 d6 5.Nf3 O-O 6.Be2 Nbd7 7.O-O e5 8.Re1 c6
9.Bf1 Qb6 10.Rb1 a5 11.h3 exd4 12.Nxd4 Ng4 13.Qxg4 Bxd4 14.Be3 Nc5 15.Qd1 Ne6
16.Qd2 Bd7 17.Bxd4 Nxd4 18.Red1 c5 19.Ne2 Nxe2+ 20.Bxe2 Ra6 21.Rbc1 Re8 22.f3 Qb4
23.Rc3 Re6 24.Rb3 Qxd2 25.Rxd2 Bc6 26.a4 Kf8 27.Ra3 Ke7 28.Bd1 g5 29.Rad3 Rb6
30.b3 Ra6 31.g4 h5 32.Be2 Ra8 33.Bf1 Rh8 34.Bg2 Rd8 35.Kf2 Kf6 36.Kg3 Ke5
37.Rd1 Rh8 38.R1d2 Rf6 39.Rd1 hxg4 40.hxg4 Rh4 41.R1d2 Rfh6 42.Rd1 Rh2 43.R1d2 R2h4
44.Rd1 Rf6 45.R1d2 Rh8 46.Rd1 Rfh6 47.R1d2 Ra8 48.Rf2 Ra6 49.Ra2 Rb6 50.Ra1 Rb4
51.Ra2 Rh8 52.Ra1 Ra8 53.Bf1 Ra6 54.Ra3 Rab6 55.Rc3 Bd7 56.Be2 Be6 57.Bf1 Rc6
58.Rd3 Rc8 59.Ra1 Rh8 60.Bg2 Ra8 61.Ra3 Rh8 62.Ra1 b5 63.axb5 a4 64.bxa4 Bxc4
65.Rda3 Ra8 66.Bf1 Bb3 67.a5 c4 68.b6 Kd4 69.Be2 Kc3 70.Bxc4 Kxc4 71.Rc1+ Kd4
72.Rb1 Rxa5 73.Rxa5 Rxb6 74.Rxg5 Kc3 75.Ra5 Kc2 76.Raa1 Rb4 77.Rc1+ Kd2 78.Rab1 Rd4
79.Rc6 Be6 80.Rb2+ Kd3 81.Rbb6 d5 82.Rxe6 fxe6 83.Rxe6 dxe4 84.Rxe4  1-0

[Event "Jubilee Open"]
[Site "Zuerich SUI"]
[Date "2009.08.09"]
[Round "1"]
[White "Miroshnichenko,E"]
[Black "Gaehwiler,G"]
[Result "1-0"]
[WhiteElo "2696"]
[BlackElo "2247"]

1.Nf3 Nf6 2.c4 g6 3.Nc3 Bg7 4.e4 d6 5.d4 O-O 6.Be2 e5 7.d5 Nbd7 8.Bg5 h6
9.Bh4 g5 10.Bg3 Nc5 11.Nd2 a5 12.h4 Nh7 13.Nb3 b6 14.Nxc5 bxc5 15.Bg4 Bxg4
16.Qxg4 f5 17.exf5 Qf6 18.Nb5 Rab8 19.a4 Qxf5 20.Qxf5 Rxf5 21.O-O-O Rf7 22.hxg5 Nxg5
23.f3 e4 24.f4 Nh7 25.Rde1 Re8 26.Re2 Nf8 27.Rhe1 Ng6 28.Rxe4 Rxe4 29.Rxe4 h5
30.Kc2 h4 31.Bh2 Bh6 32.g3 hxg3 33.Bxg3 Nxf4 34.Be1 Ng6 35.Bxa5 Rf2+ 36.Kb3 Bc1
37.Bc3 Nf4 38.a5 Ne2 39.Rxe2  1-0

[Event "Jubilee Open"]
[Site "Zuerich SUI"]
[Date "2009.08.09"]
[Round "1"]
[White "Ivanisevic,I"]
[Black "Hager,J"]
[Result "1/2-1/2"]
[WhiteElo "2629"]
[BlackElo "2217"]

1.d4 Nf6 2.c4 g6 3.Nc3 Bg7 4.e4 d6 5.Nf3 O-O 6.Be2 e5 7.O-O Na6 8.Be3 Ng4
9.Bg5 Qe8 10.h3 h6 11.Bh4 exd4 12.Nd5 g5 13.hxg4 gxh4 14.Nxh4 c6 15.Nf4 Nc5
16.Nh5 Qxe4 17.b4 Na6 18.b5 cxb5 19.cxb5 Nc5 20.Bf3 Qe5 21.Rb1 d3 22.Rb4 a5
23.Rf4 Qg5 24.Nf5 Be5 25.g3 Be6 26.Kg2 d2 27.Rh1 Nd3 28.Nxh6+ Qxh6 29.Nf6+ Qxf6
30.Rxf6 Ne1+ 31.Kf1 Bxf6 32.Be2 Bc3 33.Qb1 Rfc8 34.Rh6 Bg7 35.Rxe6 fxe6 36.Qg6 Rc1
37.Qxe6+ Kh8 38.g5 Nf3+ 39.Kg2 Nd4 40.Qxd6 Re8 41.Bg4 Rce1 42.Qd5 d1=Q 43.Bxd1 Rxd1
44.b6 Ree1 45.Qxb7 Rh1 46.f4 Rdg1+ 47.Kf2 Re1 48.Kg2 Reg1+ 49.Kf2 Re1  1/2-1/2

[Event "XII Bancpost A"]
[Site "Miercurea Ciuc ROM"]
[Date "2009.08.10"]
[Round "2"]
[White "Osvath,Z"]
[Black "Palamar,T"]
[Result "1-0"]
[WhiteElo "1903"]
[BlackElo "1725"]

1.d4 Nf6 2.c4 g6 3.Nc3 Bg7 4.Nf3 O-O 5.e4 d6 6.Be2 Nbd7 7.O-O e5 8.Be3 Ng4
9.Bg5 Bf6 10.Bxf6 Ngxf6 11.Qc2 Re8 12.Rad1 exd4 13.Nxd4 Nc5 14.f3 Nh5 15.f4 Nf6
16.Bf3 Bg4 17.e5 Bxf3 18.Nxf3 Ng4 19.Qc1 Qc8 20.h3 Nh6 21.b4 Na6 22.Nd5 Kg7
23.Qc3 dxe5 24.Nxe5 f6 25.Nxf6 Re7 26.Nd5 Nf5 27.Nc6+ Kf7 28.Qf6+  1-0

[Event "Jubilee Open"]
[Site "Zuerich SUI"]
[Date "2009.08.10"]
[Round "2"]
[White "Golod,V"]
[Black "Hug,M"]
[Result "1-0"]
[WhiteElo "2599"]
[BlackElo "2344"]

1.d4 Nf6 2.c4 g6 3.Nc3 Bg7 4.e4 d6 5.Nf3 O-O 6.Be2 Nbd7 7.O-O e5 8.Qc2 exd4
9.Nxd4 c6 10.Be3 Re8 11.Rad1 Qe7 12.Bg5 Nc5 13.f3 h6 14.Bh4 a5 15.Kh1 g5
16.Bf2 Nh5 17.Rfe1 Be5 18.Bf1 Qf6 19.Nf5 Bxf5 20.exf5 Ng7 21.g4 Bxc3 22.bxc3 Rxe1
23.Rxe1 Re8 24.Rd1 Nd7 25.c5 d5 26.c4 Qe5 27.cxd5 cxd5 28.Qd2 Re7 29.Re1 Qf6
30.Bd4 Qxd4 31.Qxd4 Rxe1 32.Kg2 Rc1 33.Qxd5 Nxc5 34.Bc4 Nge6 35.Kg3 Rg1+
36.Kf2 Rg2+ 37.Kf1 b5 38.fxe6 Nxe6 39.Qa8+  1-0

[Event "Yoel Geva YTGM"]
[Site "Tel Aviv ISR"]
[Date "2009.08.11"]
[Round "3"]
[White "Raznikov,D"]
[Black "Bykhovsky,An ISR"]
[Result "1/2-1/2"]
[WhiteElo "2270"]
[BlackElo "2487"]

1.d4 Nf6 2.c4 g6 3.Nc3 Bg7 4.e4 d6 5.Nf3 O-O 6.Be2 Nbd7 7.O-O e5 8.Re1 c6
9.Bf1 a5 10.Rb1 Re8 11.d5 Nc5 12.b3 Bd7 13.a3 cxd5 14.cxd5 b5 15.b4 axb4
16.axb4 Na4 17.Nxa4 Rxa4 18.Bd3 Qb6 19.Be3 Qb7 20.Bc2 Ra2 21.Ra1 Rxa1 22.Qxa1 Ng4
23.Bd2 f5 24.Ng5 Bh6 25.Qb1 Qa7 26.Re2 fxe4 27.Nxe4 Bf5 28.Bxh6 Bxe4 29.Bxe4 Nxh6
30.Bxg6 Rf8 31.Bd3 Ng4 32.Qe1 Qd4 33.Bb1 Nf6  1/2-1/2

[Event "FSGM August"]
[Site "Budapest HUN"]
[Date "2009.08.12"]
[Round "12"]
[White "Rapport,R"]
[Black "Pap,G"]
[Result "0-1"]
[WhiteElo "2401"]
[BlackElo "2503"]

1.Nf3 Nf6 2.c4 g6 3.Nc3 Bg7 4.e4 d6 5.d4 O-O 6.Be2 e5 7.Be3 Ng4 8.Bg5 f6
9.Bh4 g5 10.Bg3 Nh6 11.c5 g4 12.Nd2 f5 13.cxd6 cxd6 14.exf5 exd4 15.Qb3+ Kh8
16.f6 Rxf6 17.Nce4 Rg6 18.Qd5 Nc6 19.O-O Nf5 20.Qb3 d5 21.Nc5 Nxg3 22.hxg3 Qe7
23.Nd3 Qxe2 24.Rfe1 Qxd2 25.Re8+ Bf8 26.Rxf8+ Kg7 27.Rxc8 Rxc8 28.Qxb7+ Kh6
29.Qxc8 Qxd3 30.Qf8+ Kh5 31.Kh2 Rh6 32.Qg7 Qg6  0-1

[Event "25th Open"]
[Site "Geraadsbergen BEL"]
[Date "2009.08.12"]
[Round "2"]
[White "Alienkin,A"]
[Black "Lemmens,P"]
[Result "1-0"]
[WhiteElo "2402"]
[BlackElo "1935"]

1.Nf3 Nf6 2.c4 g6 3.Nc3 Bg7 4.e4 d6 5.d4 O-O 6.Be2 e5 7.Be3 Nc6 8.O-O a5
9.dxe5 Nxe5 10.Nxe5 dxe5 11.Qxd8 Rxd8 12.Nd5 Nxd5 13.cxd5 Bd7 14.Rac1 Rdc8
15.Rfd1 Bf8 16.h4 h5 17.f3 Be7 18.g3 Ba4 19.Rd3 Bb5 20.Rd2 Bxe2 21.Rxe2 Ra6
22.Bc5 Bd6 23.Rec2 Rca8 24.Kf2 a4 25.Ke3 Rd8 26.Rc4 Rd7 27.Bxd6 cxd6 28.Rb4 Ra5
29.Rc8+ Kg7 30.a3 Kf6 31.Rcc4 b5 32.Rc6 Ke7 33.Rb6 Rc7 34.R4xb5 Rxb5 35.Rxb5 Ra7
36.Rb4 Ra6 37.Rb7+ Kf6 38.Kd3 Ra8 39.f4 Ra6 40.fxe5+ Kxe5 41.Rxf7 Rb6 42.Re7+ Kf6
43.Re6+ Kf7 44.Kd4 Rb3 45.Rxd6 Rxg3 46.Rd7+  1-0

[Event "ch-CAN"]
[Site "Guelph CAN"]
[Date "2009.08.12"]
[Round "5"]
[White "Henry,Lia"]
[Black "Sapozhnikov,R"]
[Result "0-1"]
[WhiteElo "2186"]
[BlackElo "2177"]

1.d4 Nf6 2.c4 g6 3.Nc3 Bg7 4.e4 d6 5.Nf3 O-O 6.Be2 e5 7.d5 a5 8.Bg5 h6 9.Bh4 Na6
10.Nd2 Qe8 11.O-O Nh7 12.a3 h5 13.f3 Bd7 14.b3 Bh6 15.Rb1 Be3+ 16.Bf2 Bc5
17.Qc1 Qe7 18.Na2 Qg5 19.b4 Bh3 20.g3 Bxf1 21.Kxf1 axb4 22.axb4 Bxf2 23.Kxf2 f5
24.exf5 gxf5 25.Nf1 f4 26.Kg2 Qg6 27.Nc3 Ng5 28.Nd2 fxg3 29.hxg3 h4 30.g4 Qf7
31.Qe1 h3+ 32.Kh1 Qf4 33.Nce4 Nb8 34.Qh4 Nxe4 35.Nxe4 Nd7 36.Ng5 Nf6 37.Qh6 Rf7
38.Nxf7 Qg3  0-1

[Event "2nd WCT GM"]
[Site "Moscow RUS"]
[Date "2009.08.12"]
[Round "5"]
[White "Ziatdinov,R"]
[Black "Girya,O"]
[Result "1-0"]
[WhiteElo "2425"]
[BlackElo "2266"]

1.d4 Nf6 2.Nf3 g6 3.c4 Bg7 4.Nc3 O-O 5.e4 d6 6.Be2 e5 7.dxe5 dxe5 8.Qxd8 Rxd8
9.Bg5 Re8 10.Nd5 Nxd5 11.cxd5 c6 12.Bc4 b5 13.Bb3 a5 14.a4 Bb7 15.Rc1 Rc8
16.d6 bxa4 17.Bxa4 Bf8 18.Nxe5 Bxd6 19.Nc4 Bb4+ 20.Ke2 Nd7 21.Be3 Ba6 22.f4 Bc5
23.b3 Bxc4+ 24.Rxc4 Bxe3 25.Kxe3 Nb6 26.Rc5 Nxa4 27.bxa4 Rcb8 28.Rhc1 Rb2
29.R1c2 Rb4 30.R5c4 c5 31.g4 Rd8 32.f5 gxf5 33.gxf5 Rd4 34.Rxb4 Rxb4 35.Rxc5 Rxa4
36.f6 h6 37.h4 Ra1 38.h5 Rf1 39.e5 Rf5 40.Ke4 Rxh5 41.Rc8+ Kh7 42.e6 Rh4+
43.Kf3  1-0

[Event "ITT Vicente Lopez"]
[Site "Villa Martelli ARG"]
[Date "2009.08.12"]
[Round "8"]
[White "Diaz Hollemaert,N"]
[Black "Della Morte,G"]
[Result "1/2-1/2"]
[WhiteElo "2443"]
[BlackElo "2383"]

1.Nf3 Nf6 2.d4 g6 3.c4 Bg7 4.Nc3 O-O 5.e4 d6 6.Be2 e5 7.dxe5 dxe5 8.Qxd8 Rxd8
9.Bg5 Re8 10.Nd5 Nxd5 11.cxd5  1/2-1/2

[Event "Jubilee Open"]
[Site "Zuerich SUI"]
[Date "2009.08.12"]
[Round "6"]
[White "Portisch,L"]
[Black "Hirneise,T"]
[Result "1/2-1/2"]
[WhiteElo "2513"]
[BlackElo "2429"]

1.d4 Nf6 2.c4 g6 3.Nc3 Bg7 4.e4 d6 5.Nf3 O-O 6.Be2 e5 7.Be3 Ng4 8.Bg5 f6
9.Bc1 Nc6 10.O-O f5 11.Bg5 Qd7 12.dxe5 fxe4 13.Nxe4 Ngxe5 14.Nxe5 Nxe5 15.Qc1 Qf7
16.Bh6 Bxh6 17.Qxh6 Bf5 18.Ng5 Qg7 19.Qxg7+ Kxg7  1/2-1/2

[Event "A2Bmedialtd.com Int Gp A"]
[Site "Uxbridge ENG"]
[Date "2009.08.13"]
[Round "2"]
[White "Savage,B"]
[Black "White,Mi"]
[Result "1/2-1/2"]
[WhiteElo "2324"]
[BlackElo "2259"]

1.d4 Nf6 2.c4 g6 3.Nc3 Bg7 4.e4 d6 5.Nf3 O-O 6.Be2 Nbd7 7.O-O e5 8.Re1 c6
9.Bf1 Qc7 10.Rb1 a6 11.b4 exd4 12.Nxd4 b5 13.Nc2 Ng4 14.Qxg4 Bxc3 15.Rd1 Bg7
16.Qg3 Ne5 17.Bb2 Be6 18.Ne3 bxc4 19.f4 c3 20.Bxc3 Nf3+ 21.Qxf3 Bxc3 22.Nc4 Bg7
23.Nxd6 Bxa2 24.Rbc1 Qb6+ 25.Qf2 Rfb8 26.Bc4 Qxf2+ 27.Kxf2 Rxb4 28.Bxa2 Rb2+
29.Kf3 Rxa2 30.Rxc6 Bf8 31.e5 Rb8 32.g3 Rxh2 33.Rd3 a5 34.Rc7 Bxd6 35.exd6 Kf8
36.Ra7 Rh5 37.Re3 Rd8 38.Re5 Rxd6 39.Rxh5 gxh5 40.Rxa5  1/2-1/2

[Event "Jubilee Open"]
[Site "Zuerich SUI"]
[Date "2009.08.13"]
[Round "7"]
[White "Meier,Geo"]
[Black "Lopez Martinez,Josep"]
[Result "1/2-1/2"]
[WhiteElo "2658"]
[BlackElo "2555"]

1.Nf3 Nf6 2.c4 g6 3.Nc3 Bg7 4.e4 d6 5.d4 O-O 6.Be2 e5 7.O-O Na6 8.Re1 c6
9.Bf1 Bg4 10.Be3 Nh5 11.d5 c5 12.a3 Qe7 13.Rb1 Rfc8 14.b4 Bf6 15.Nb5 Ng7
16.g3 Ne8 17.h3 Bd7 18.Nc3 b6 19.Qd3 Bg7 20.Nh4 Bf6 21.Nf3 Bg7 22.g4 Nf6
23.Kh2 h5 24.g5 Nh7 25.Be2 Kh8 26.Rg1 Rf8 27.Nh4 Rg8 28.Rg3 Bf8 29.Qd1 Be8
30.Qg1 f6 31.gxf6 Qxf6 32.Nf3 Bd7 33.Ne1 Be7 34.Nd3 Qh4 35.bxc5 Nxc5 36.Nxc5 bxc5
37.Rb7 Bc8 38.Rc7 a6 39.Qg2 Nf8 40.Nb1 Bd7 41.Nd2 Rg7 42.Bd3 Bd8 43.Rb7 Qe7
44.Be2 Qe8 45.Qg1 Bh4 46.Rf3 Nh7 47.Bh6 Re7 48.Rfb3 Bf6 49.Be3 Ba4 50.R3b6 Rxb7
51.Rxb7 Bd7 52.Nf3 Qc8 53.Rb6 Qc7 54.Qb1 Bc8 55.Bf1 Bd8 56.Rb3 Ra7 57.Be2  1/2-1/2

[Event "25th Open"]
[Site "Geraadsbergen BEL"]
[Date "2009.08.14"]
[Round "5"]
[White "Balje,J"]
[Black "Vanhee,F"]
[Result "1-0"]
[WhiteElo "2202"]
[BlackElo "1957"]

1.d4 Nf6 2.c4 d6 3.Nc3 Nbd7 4.e4 e5 5.Nf3 g6 6.Be2 Bg7 7.O-O O-O 8.d5 Nc5
9.Qc2 a5 10.Ne1 Ng4 11.f3 Nh6 12.Nd3 f5 13.Nxc5 dxc5 14.Be3 b6 15.Rad1 f4
16.Bf2 Nf7 17.a3 Bd7 18.b4 axb4 19.axb4 cxb4 20.Nb5 Nd6 21.Ra1 Ra5 22.Nxd6 cxd6
23.Qb2 Qc7 24.Qxb4 Rb8 25.Rfb1 Rxa1 26.Rxa1 Bf6 27.Rb1 Bd8 28.c5 dxc5 29.Bxc5 Qa7
30.Bf2 Qa4 31.Qd6 Qc2 32.Ra1 Qc8 33.Qxe5 b5 34.Bd4  1-0

[Event "A2Bmedialtd.com Int Gp B"]
[Site "Uxbridge ENG"]
[Date "2009.08.14"]
[Round "4"]
[White "Briscoe,C"]
[Black "McNab,C"]
[Result "0-1"]
[WhiteElo "2268"]
[BlackElo "2474"]

1.d4 d6 2.Nf3 g6 3.c4 Bg7 4.Nc3 Nd7 5.e4 e5 6.Be2 Ngf6 7.O-O O-O 8.Be3 Re8
9.d5 Nh5 10.g3 Bf8 11.Ne1 Ng7 12.Nd3 Be7 13.f3 f5 14.b4 Nf6 15.c5 Rf8 16.Rc1 h5
17.Nf2 fxe4 18.fxe4 Nge8 19.g4 Nxg4 20.Nxg4 Rxf1+ 21.Kxf1 hxg4 22.Bxg4 Bg5
23.Bxg5 Qxg5 24.Bxc8 Rxc8 25.Rc2 Nf6 26.Rg2 Qf4+ 27.Rf2 Qh4 28.Qf3 Ng4 29.Qf7+ Kh8
30.Nb5 Nxf2 31.Nxc7 Nxe4 32.Ne6 Qf6+ 33.Qxf6+ Nxf6 34.cxd6 b6 35.d7 Nxd7  0-1

[Event "25th Open"]
[Site "Geraadsbergen BEL"]
[Date "2009.08.15"]
[Round "7"]
[White "Van der Stricht,G"]
[Black "Renette,H"]
[Result "1/2-1/2"]
[WhiteElo "2390"]
[BlackElo "2320"]

1.d4 Nf6 2.c4 g6 3.Nc3 Bg7 4.e4 d6 5.Be2 O-O 6.Nf3 e5 7.O-O Na6 8.Be3 Ng4
9.Bg5 Qe8 10.Re1 exd4 11.Nd5 d3 12.Bxd3 c6 13.Ne7+ Kh8 14.Nxc8 Rxc8 15.Bf1 Bxb2
16.Rb1 Bc3 17.Re2 f6 18.Bf4 Ne5 19.Rxb7 Nc5 20.Rxa7 Ne6 21.Bg3 Bb4 22.Rb7 Bc5
23.Reb2 Rf7 24.a4 Kg7 25.a5 Rcc7 26.a6 Qa8 27.Rxc7 Nxc7 28.Ra2 Nxa6 29.Nd4 Qc8
30.Nb3 Bb4 31.f4 Nd7 32.Bf2 Ndc5 33.Nxc5 Bxc5 34.Bxc5 Nxc5 35.Qxd6 Nxe4 36.Qd4 Re7
37.Ra7  1/2-1/2

[Event "ch-CAN"]
[Site "Guelph CAN"]
[Date "2009.08.15"]
[Round "8"]
[White "Henry,Lia"]
[Black "Kaminski,T"]
[Result "0-1"]
[WhiteElo "2186"]
[BlackElo "2088"]

1.d4 Nf6 2.c4 g6 3.Nc3 Bg7 4.e4 d6 5.Nf3 O-O 6.Be2 e5 7.d5 Na6 8.Bg5 h6 9.Bh4 g5
10.Bg3 Nxe4 11.Nxe4 f5 12.Nc3 f4 13.Nd2 Nc5 14.Nde4 Nxe4 15.Nxe4 Bf5 16.Bd3 Qe8
17.O-O Qg6 18.Re1 fxg3 19.hxg3 g4 20.Rc1 h5 21.Bb1 Bh6 22.Rc3 Qf7 23.Re2 b6
24.Ra3 a5 25.Nc3 Bd7 26.Qd3 Qg7 27.Qg6 Be8 28.Qxg7+ Kxg7 29.Bc2 Bd7 30.Ba4 Bf5
31.Bc6 Rac8 32.Nb5 Rf7 33.Rc3 Rcf8 34.Kf1 Bc8 35.Ke1 Bg5 36.Na3 h4 37.gxh4 Bxh4
38.g3 Bg5 39.Nc2 Rh8 40.Kd1 Rh2 41.Ne1 Rfxf2 42.Rxf2 Rxf2 43.Rc2 Rxc2 44.Nxc2 Bf5
45.Ba4 Bd3 46.b3 Bf5 47.Be8 Kf6 48.Ba4 Ke7 49.Bb5 Be4 50.Ba4 Bf3+ 51.Ke1 e4
52.Bc6 e3 53.Bb5 Kf6 54.Be8 Ke5 55.Bg6 b5 56.cxb5 Kxd5 57.Bd3 Bf6 58.Kf1 Be5  0-1

[Event "16th Vienna Open"]
[Site "Vienna AUT"]
[Date "2009.08.15"]
[Round "1"]
[White "Raber,F"]
[Black "Thiede,L"]
[Result "0-1"]
[WhiteElo "2095"]
[BlackElo "2452"]

1.d4 g6 2.c4 Bg7 3.e4 d6 4.Nc3 Nf6 5.Nf3 O-O 6.Be2 Na6 7.O-O e5 8.d5 Nc5
9.Qc2 a5 10.Ne1 Bd7 11.Be3 b6 12.b3 Nfxe4 13.Nxe4 Nxe4 14.Qxe4 Bf5 15.Qf3 e4
16.Qg3 Bxa1 17.Nc2 Be5 18.Bf4 Bxf4 19.Qxf4 Qe7 20.Ne3 Bd7 21.h4 Rae8 22.g4 Qxh4
23.Kg2 f5 24.Rh1 g5  0-1

[Event "Yoel Geva YTGM"]
[Site "Tel Aviv ISR"]
[Date "2009.08.16"]
[Round "7"]
[White "Lerner,K"]
[Black "Nedobora,M"]
[Result "1-0"]
[WhiteElo "2549"]
[BlackElo "2391"]

1.d4 Nf6 2.Nf3 g6 3.c4 Bg7 4.Nc3 O-O 5.e4 d6 6.Be2 Na6 7.O-O e5 8.Re1 c6
9.Rb1 exd4 10.Nxd4 Nc5 11.f3 Nh5 12.Bf1 Qh4 13.Nde2 f5 14.Qxd6 Qxe1 15.Bg5 Qxb1
16.Nxb1 Nd7 17.Nec3 Ne5 18.c5 Kh8 19.Bh4 Re8 20.Nd2 Be6 21.Nb3 Nf4 22.Qd2 Nh5
23.Nd4 Bc4 24.b3 Bxf1 25.Kxf1 Nd7 26.exf5 Nxc5 27.b4 Na6 28.Ne4 Nc7 29.f6 Bf8
30.g4  1-0

[Event "BDO Challenger"]
[Site "Haarlem NED"]
[Date "2009.08.17"]
[Round "3"]
[White "Gijswijt,B"]
[Black "Richter,Ch"]
[Result "1-0"]
[WhiteElo "2265"]
[BlackElo "2417"]

1.d4 Nf6 2.c4 g6 3.Nc3 Bg7 4.e4 d6 5.Nf3 O-O 6.Be2 Na6 7.O-O e5 8.Be3 Qe8
9.Re1 Ng4 10.Bg5 f6 11.Bc1 c6 12.dxe5 dxe5 13.h3 Nh6 14.Be3 Nf7 15.a3 f5
16.b4 f4 17.Bc1 Kh8 18.Bb2 h5 19.c5 Nc7 20.Nb1 Be6 21.Nbd2 Rd8 22.Qc2 g5
23.Nc4 Bxc4 24.Bxc4 g4 25.hxg4 hxg4 26.Nh4 Ng5 27.Rad1 Qh5 28.Nf5 g3 29.fxg3 fxg3
30.Nxg3 Qg4 31.Rxd8 Rxd8 32.Qc3 Rd4 33.Be2 Qh4 34.Nf5 Qxe4 35.Nxd4 exd4 36.Qd2 Qd5
37.Bd3 Nce6 38.Qf2 Kg8 39.Qf5 Qxf5 40.Bxf5 Kf7 41.Kf2 Bf6 42.Rd1 Ke7 43.Bxe6 Nxe6
44.Kf3 b6 45.cxb6 axb6 46.Ke4 c5 47.bxc5 bxc5 48.Kd5 Kd7 49.Bc1 Be7 50.g4 Nc7+
51.Kc4 Kc6 52.Re1 Bd6 53.g5 Nd5 54.g6 Nb6+ 55.Kd3 Bf8 56.Rf1  1-0

[Event "Abu Dhabi Festival Open"]
[Site "Abu Dhabi UAE"]
[Date "2009.08.19"]
[Round "8"]
[White "Saad,B"]
[Black "Agamaliev,G"]
[Result "0-1"]
[WhiteElo "2109"]
[BlackElo "2490"]

1.d4 Nf6 2.Nf3 g6 3.c4 Bg7 4.Nc3 O-O 5.e4 d6 6.Be2 Na6 7.O-O e5 8.dxe5 dxe5
9.Bg5 Qe8 10.Nd5 Nxe4 11.Be7 c6 12.Bxf8 Qxf8 13.Ne3 Nec5 14.Qd2 Ne6 15.Rfd1 f5
16.Rab1 Nac5 17.b4 Ne4 18.Qc1 a5 19.a3 Nd4 20.Bd3 Nxf3+ 21.gxf3 Ng5 22.Be2 axb4
23.axb4 e4 24.Ng2 f4 25.Ne1 Nh3+ 26.Kf1 Qf6 27.Qd2 Bf5 28.Ng2 Nxf2 29.Kxf2 e3+
30.Nxe3 fxe3+ 31.Qxe3 Qh4+ 32.Kf1 Bxb1 33.Rxb1 Qxh2 34.Rd1 Qh3+ 35.Ke1 Kh8
36.Qe7 h5 37.Rd7 Qg3+ 38.Kd1 Qg1+ 39.Kc2 Ra2+ 40.Kd3 Ra3+ 41.Kd2 Bh6+  0-1

[Event "9th Open"]
[Site "Brasschaat BEL"]
[Date "2009.08.19"]
[Round "5"]
[White "Borst,F"]
[Black "Vanderhallen,N"]
[Result "0-1"]
[WhiteElo "1997"]
[BlackElo "2232"]

1.d4 Nf6 2.c4 g6 3.Nc3 Bg7 4.e4 d6 5.Nf3 O-O 6.Be2 e5 7.Be3 Ng4 8.Bg5 f6
9.Bh4 Qe8 10.Nd5 Na6 11.h3 Nh6 12.dxe5 dxe5 13.c5 Qf7 14.Rc1 c6 15.Ne3 Be6
16.Qa4 Nc7 17.b3 a6 18.Nc4 Nb5 19.Nb6 Rad8 20.Bxb5 axb5 21.Qb4 g5 22.Bg3 g4
23.hxg4 Bxg4 24.Qc3 Qg6 25.Qe3 Nf7 26.Nh4 Qh5 27.Rh2 Bh6 28.f4 exf4 29.Bxf4 Bxf4
30.Qxf4 Ne5 31.Kf1 Nd3 32.Qc7 Qe5 33.Qxb7 Qxh2  0-1

[Event "24th Open"]
[Site "Schwarzach AUT"]
[Date "2009.08.19"]
[Round "5"]
[White "Meier,Al"]
[Black "Jovanovic,Zo CRO"]
[Result "0-1"]
[WhiteElo "2146"]
[BlackElo "2539"]

1.d4 Nf6 2.c4 d6 3.Nc3 g6 4.e4 Bg7 5.Nf3 O-O 6.Be2 e5 7.dxe5 dxe5 8.Qxd8 Rxd8
9.Nd5 Nxd5 10.cxd5 c6 11.Bc4 b5 12.Bb3 Bb7 13.Bg5 Rd7 14.Rc1 a5 15.Ke2 a4
16.dxc6 Nxc6 17.Bd5 Nd4+ 18.Nxd4 Bxd5 19.exd5 exd4 20.Rc5 h6 21.Bf4 g5 22.Bc7 Bf8
23.d6 Bxd6 24.Bxd6 Rxd6 25.Rxb5 d3+ 26.Kd2 Re8 27.Re1 Rxe1 28.Kxe1 Re6+ 29.Kd2 Re2+
30.Kxd3 Rxf2 31.g4 a3 32.bxa3 Rxa2 33.Rb3 Rxh2 34.a4 Ra2 35.Rb4 Kg7 36.Kc4 h5
37.gxh5 Kh6 38.Kb3 Ra1 39.Rb6+ Kxh5 40.Rf6 Rb1+ 41.Kc4 Rb7 42.a5 g4 43.a6 Re7
44.Kb5 g3 45.Rf1 Kg4 46.Kb6 f5  0-1

[Event "Open A"]
[Site "Panevezys LTU"]
[Date "2009.08.20"]
[Round "5"]
[White "Lomonosovas,V"]
[Black "Daulyte,D"]
[Result "0-1"]
[WhiteElo "2115"]
[BlackElo "2268"]

1.Nf3 Nf6 2.d4 g6 3.c4 Bg7 4.Nc3 O-O 5.e4 d6 6.Be2 e5 7.O-O Na6 8.Bg5 h6
9.Bh4 Qe8 10.d5 g5 11.Bg3 Nh5 12.Nd2 Nf4 13.Rb1 f5 14.b4 Nxe2+ 15.Qxe2 f4
16.f3 fxg3 17.hxg3 g4 18.Nd1 Qg6 19.f4 exf4 20.gxf4 Bd4+ 21.Ne3 Bd7 22.Qd3 Bg7
23.g3 Rae8 24.Kg2 Re7 25.a3 h5 26.Rh1 Bf6 27.c5 dxc5 28.b5 Nb8 29.Qc4 Rff7
30.e5 Bxe5 31.fxe5 Rxe5 32.Rbe1 c6 33.Qxc5 Qd3 34.Ndc4 Qe4+ 35.Kg1 Rxd5 36.Qxa7 Rf8
37.Rh2 cxb5 38.Rf1 Rxf1+ 39.Nxf1 bxc4 40.Qxb8+ Qe8 41.Qf4 b5 42.a4 Rf5 43.Qc1 Qe4
44.axb5 Bxb5 45.Qc3 Rf3 46.Qb2 Qe1 47.Rf2 Rxg3+ 48.Kh2 Rh3+ 49.Kg1 Qe4 50.Rh2 Rxh2
51.Kxh2 Qf4+ 52.Kg1 Bc6 53.Qb6 Qe4 54.Qd8+ Kf7 55.Qc7+ Ke6 56.Qc8+ Kd6 57.Qd8+ Kc5
58.Qa5+ Kd4 59.Qd2+ Qd3 60.Qf4+ Kc3 61.Qc1+ Kb4 62.Qb2+ Kc5 63.Qe5+ Qd5 64.Qe7+ Kb5
65.Ne3 Qc5 66.Qe6 c3 67.Kf2 Qd4 68.Qf5+ Kb6 69.Qb1+ Kc7 70.Qh7+ Qd7 71.Qh6 Qd2+
72.Kg3 Qd6+  0-1